| 000 -LEADER |
| fixed length control field |
02804cam a22004214a 4500 |
| 001 - CONTROL NUMBER |
| control field |
9343748 |
| 003 - CONTROL NUMBER IDENTIFIER |
| control field |
USPCAS-E |
| 005 - DATE AND TIME OF LATEST TRANSACTION |
| control field |
20180118181422.0 |
| 006 - FIXED-LENGTH DATA ELEMENTS--ADDITIONAL MATERIAL CHARACTERISTICS |
| fixed length control field |
m d |
| 007 - PHYSICAL DESCRIPTION FIXED FIELD--GENERAL INFORMATION |
| fixed length control field |
cr n |
| 008 - FIXED-LENGTH DATA ELEMENTS--GENERAL INFORMATION |
| fixed length control field |
110211s2011 njua sb 000 0 eng d |
| 020 ## - INTERNATIONAL STANDARD BOOK NUMBER |
| International Standard Book Number |
9780470768655 |
| 035 ## - SYSTEM CONTROL NUMBER |
| System control number |
(WaSeSS)ssj0000554635 |
| 040 ## - CATALOGING SOURCE |
| Original cataloging agency |
DLC |
| Transcribing agency |
DLC |
| Modifying agency |
DLC |
| -- |
WaSeSS |
| 042 ## - AUTHENTICATION CODE |
| Authentication code |
pcc |
| 050 #4 - LIBRARY OF CONGRESS CALL NUMBER |
| Classification number |
TK2451 |
| Item number |
.D68 2011 |
| 082 00 - DEWEY DECIMAL CLASSIFICATION NUMBER |
| Classification number |
621.316 |
| Edition number |
22 |
| Author Mark |
DOU 2011 |
| 084 ## - OTHER CLASSIFICATION NUMBER |
| Classification number |
TEC031000 |
| Number source |
bisacsh |
| 210 10 - ABBREVIATED TITLE |
| Abbreviated title |
Doubly fed induction machine |
| 245 00 - TITLE STATEMENT |
| Title |
Doubly fed induction machine |
| Remainder of title |
modeling and control for wind energy generation applications / |
| Statement of responsibility, etc. |
G. Abad... [et al.]. |
| 260 ## - PUBLICATION, DISTRIBUTION, ETC. |
| Place of publication, distribution, etc. |
Hoboken, NJ : |
| Name of publisher, distributor, etc. |
IEEE Press, |
| Date of publication, distribution, etc. |
c2011. |
| 502 ## - DISSERTATION NOTE |
| Dissertation note |
. |
| 504 ## - BIBLIOGRAPHY, ETC. NOTE |
| Bibliography, etc. note |
Includes bibliographical references. |
| 506 ## - RESTRICTIONS ON ACCESS NOTE |
| Terms governing access |
License restrictions may limit access. |
| 520 ## - SUMMARY, ETC. |
| Summary, etc. |
"This book will be focused on the modeling and control of the DFIM based wind turbines. In the first part of the book, the mathematical description of different basic dynamic models of the DFIM will be carried out. It will be accompanied by a detailed steady-state analysis of the machine. After that, a more sophisticated model of the machine that considers grid disturbances, such as voltage dips and unbalances will be also studied. The second part of the book surveys the most relevant control strategies used for the DFIM when it operates at the wind energy generation application. The control techniques studied, range from standard solutions used by wind turbine manufacturers, to the last developments oriented to improve the behavior of high power wind turbines, as well as control and hardware based solutions to address different faulty scenarios of the grid. In addition, the standalone DFIM generation system will be also analyzed"-- |
| 520 ## - SUMMARY, ETC. |
| Summary, etc. |
"This book will be focused on the modeling and control of the DFIM based wind turbines. In the first part of the book, the mathematical description of different basic dynamic models of the DFIM will be carried out. It will be accompanied by a detailed steady-state analysis of the machine"-- |
| 650 #0 - SUBJECT ADDED ENTRY--TOPICAL TERM |
| Topical term or geographic name entry element |
Induction generators |
| General subdivision |
Mathematical models. |
| 650 #0 - SUBJECT ADDED ENTRY--TOPICAL TERM |
| Topical term or geographic name entry element |
Induction generators |
| General subdivision |
Automatic control. |
| 650 #0 - SUBJECT ADDED ENTRY--TOPICAL TERM |
| Topical term or geographic name entry element |
Wind turbines |
| General subdivision |
Equipment and supplies. |
| 650 #7 - SUBJECT ADDED ENTRY--TOPICAL TERM |
| Topical term or geographic name entry element |
TECHNOLOGY & ENGINEERING / Power Resources / General |
| Source of heading or term |
bisacsh. |
| 700 1# - ADDED ENTRY--PERSONAL NAME |
| Personal name |
Abad, G. |
| Fuller form of name |
(Gonzalo), |
| Dates associated with a name |
1976- |
| 773 #0 - HOST ITEM ENTRY |
| Title |
IEEE-Wiley eBooks Library |
| 773 #0 - HOST ITEM ENTRY |
| Title |
Wiley-Blackwell Online Books |
| 856 40 - ELECTRONIC LOCATION AND ACCESS |
| Uniform Resource Identifier |
<a href="http://www.columbia.edu/cgi-bin/cul/resolve?clio9343748.001">http://www.columbia.edu/cgi-bin/cul/resolve?clio9343748.001</a> |
| Public note |
Full text available from IEEE-Wiley eBooks Library |
| 856 40 - ELECTRONIC LOCATION AND ACCESS |
| Uniform Resource Identifier |
<a href="http://www.columbia.edu/cgi-bin/cul/resolve?clio9343748.002">http://www.columbia.edu/cgi-bin/cul/resolve?clio9343748.002</a> |
| Public note |
Full text available from Wiley-Blackwell Online Books |
| 910 ## - USER-OPTION DATA (OCLC) |
| User-option data |
Library of Congress record |
| 942 ## - ADDED ENTRY ELEMENTS (KOHA) |
| Source of classification or shelving scheme |
|
| Koha item type |
Book |